Header Image

Basic Marketing Research (Record no. 13611)

MARC details
000 -LEADER
fixed length control field 00349nam a2200157Ia 4500
005 - DATE AND TIME OF LATEST TRANSACTION
control field 20250508165024.0
008 - FIXED-LENGTH DATA ELEMENTS--GENERAL INFORMATION
fixed length control field 250508s9999||||xx |||||||||||||| ||und||
041 ## - LANGUAGE CODE
Language code of text/sound track or separate title English
082 ## - DEWEY DECIMAL CLASSIFICATION NUMBER
Classification number 658.83
Item number BRO
100 ## - MAIN ENTRY--PERSONAL NAME
Personal name Brown,J, Tom
245 #0 - TITLE STATEMENT
Title Basic Marketing Research
250 ## - EDITION STATEMENT
Edition statement 9ed
260 ## - PUBLICATION, DISTRIBUTION, ETC.
Name of publisher, distributor, etc. Cengage
Date of publication, distribution, etc. 2018
300 ## - PHYSICAL DESCRIPTION
Extent 348p
942 ## - ADDED ENTRY ELEMENTS (KOHA)
Koha item type Book
Holdings
Withdrawn status Lost status Damaged status Not for loan Home library Current library Date acquired Source of acquisition Total checkouts Full call number Barcode Koha item type
        IILM-LR IILM-LR 01/05/2024 Purchased   658.83 BRO R0000296 Book
        IILM-LR IILM-LR 01/05/2024 Purchased   658.83 BRO R0000297 Book
        IILM-LR IILM-LR 01/05/2024 Purchased   658.83 BRO R0000298 Book
        IILM-LR IILM-LR 01/05/2024 Purchased   658.83 BRO R0000299 Book
        IILM-LR IILM-LR 01/05/2024 Purchased   658.83 BRO R0000300 Book
        IILM-LR IILM-LR 01/05/2024 Purchased   658.83 BRO R0000301 Book
        IILM-LR IILM-LR 01/05/2024 Purchased   658.83 BRO R0000302 Book
        IILM-LR IILM-LR 01/05/2024 Purchased   658.83 BRO R0000303 Book
© IILM-LR All rights reserved.
IILM-Lodhi Road
Contact :librarianlr@iilm.edu
Visitor Count: Visit counter For Websites